000 00865cam a22002771 4500
001 34501
003 BD-RjUL
005 20211209052153.0
008 140517t1947 nyu b 001 0 eng d
035 _a(BD-RjUL)34595
035 _a(OCoLC)234999
040 _aDLC
_cOClW
_dOCoLC
_dDLC
_dBD-RjUL
_beng
041 _aeng
082 0 4 _a301
_bHIS 1947
100 1 _aHiller, E. T.
_q(Ernest Theodore),
_d1883-1966.
_9104940
245 1 0 _aSocial relations and structures :
_ba study in principles of sociology /
260 _aNew Yor :
_bHarper & Brothers,
_c1947
300 _axii, 692 p. ;
_c22 cm.
490 1 _aHarper's social science series
504 _aIncludes bibliographical reference and index.
650 0 _aSociology.
_9104941
830 1 _aHarper's social science series
_9104947
942 _2ddc
_cBK
999 _c34501
_d34501